00254 a2200121 4500001000700000020000600007040001100013100002300024240003500047245003000082362000900112440001100121180934 a  cMagnum aRoss, Nancy Wilson10aThor no pais dos giganteslpor10aThor no pais dos gigantes0 a1899 1aRecord